<?xml version="1.0" encoding="UTF-8"?>
<record
    xmlns:xsi="http://www.w3.org/2001/XMLSchema-instance"
    xsi:schemaLocation="http://www.loc.gov/MARC21/slim http://www.loc.gov/standards/marcxml/schema/MARC21slim.xsd"
    xmlns="http://www.loc.gov/MARC21/slim">

  <leader>03315nam a2200385 a 4500</leader>
  <controlfield tag="001">ebr10509332</controlfield>
  <controlfield tag="003">CaPaEBR</controlfield>
  <controlfield tag="006">m        u        </controlfield>
  <controlfield tag="007">cr cn|||||||||</controlfield>
  <controlfield tag="008">110113s2011    dcua    sb    011 0deng d</controlfield>
  <datafield tag="010" ind1=" " ind2=" ">
    <subfield code="z">  2011001596</subfield>
  </datafield>
  <datafield tag="020" ind1=" " ind2=" ">
    <subfield code="z">9781555815356 (hbk.)</subfield>
  </datafield>
  <datafield tag="020" ind1=" " ind2=" ">
    <subfield code="z">9781555817114 (e-book)</subfield>
  </datafield>
  <datafield tag="040" ind1=" " ind2=" ">
    <subfield code="a">CaPaEBR</subfield>
    <subfield code="c">CaPaEBR</subfield>
  </datafield>
  <datafield tag="035" ind1=" " ind2=" ">
    <subfield code="a">(OCoLC)762325107</subfield>
  </datafield>
  <datafield tag="050" ind1="1" ind2="4">
    <subfield code="a">QH434</subfield>
    <subfield code="b">.P67 2011eb</subfield>
  </datafield>
  <datafield tag="082" ind1="0" ind2="4">
    <subfield code="a">579.3/42</subfield>
    <subfield code="2">22</subfield>
  </datafield>
  <datafield tag="245" ind1="0" ind2="0">
    <subfield code="a">Population genetics of bacteria</subfield>
    <subfield code="h">[electronic resource] :</subfield>
    <subfield code="b">a tribute to Thomas S. Whittam /</subfield>
    <subfield code="c">edited by Seth T. Walk, Peter C. H. Feng.</subfield>
  </datafield>
  <datafield tag="260" ind1=" " ind2=" ">
    <subfield code="a">Washington, D.C. :</subfield>
    <subfield code="b">ASM Press,</subfield>
    <subfield code="c">c2011.</subfield>
  </datafield>
  <datafield tag="300" ind1=" " ind2=" ">
    <subfield code="a">xix, 336 p. :</subfield>
    <subfield code="b">ill. (some col.)</subfield>
  </datafield>
  <datafield tag="504" ind1=" " ind2=" ">
    <subfield code="a">Includes bibliographical references and index.</subfield>
  </datafield>
  <datafield tag="505" ind1="0" ind2=" ">
    <subfield code="a">Introduction : a personal homage to Tom Whittam / Mark Achtman -- Population geneticists discover bacteria and their genetic/molecular epidemiology / Bruce R. Levin -- The impact of horizontal genetic exchange on bacterial population structure : insights from the genera neisseria and campylobacter / Martin C. J. Maiden -- The genomics of Escherichia coli and beyond / Chih-Horng Kuo, Howard Ochman, and Rahul Raghavan -- Are species cohesive : a view from bacteriology / Frederick M. Cohan -- The niche of Escherichia coli / Elizabeth W. Alm, Seth T. Walk, and David M. Gordon -- Molecular epidemiology and population genetics of extraintestinal pathogenic Escherichia coli / James R. Johnson -- Epidemiology of Argentinean shiga toxin-producing Escherichia coli / Marta Rivas ... [et al.] -- Gene acquisition and loss in the phylogenetic lineages of the invasive Escherichia coli / Alyssa C. Bumbaugh and David W. Lacher -- Fitness islands in uropathogenic Escherichia coli / Amanda L. Lloyd and Harry L. T. Mobley.</subfield>
  </datafield>
  <datafield tag="505" ind1="8" ind2=" ">
    <subfield code="a">Genomic and virulence heterogeneity of enteroaggregative Escherichia coli / Edward G. Dudley and David A. Rasko -- Shiga toxin-producing Escherichia coli / Louise D. Teel, Angela R. Melton-Celsa, and Alison D. O'Brien -- The evolutionary model of Escherichia coli O157:H7 / David W. Lacher -- Evolutionary emergence and impact of atypical Escherichia coli O157:H7 strains / Peter C. H. Feng and Steven R. Monday -- Thomas Whittam, shiga toxin-producing Escherichia coli, and the clinical relevance of clonality / Shana R. Leopold and Phillip I. Tarr -- Sorbitol-fermenting enterohemorrhagic Escherichia coli O157:H7 / Helge Karch ... [et al.] -- Molecular evolution of enterohemorrhagic Escherichia coli and application to epidemiology / Galeb S. Abu-Ali ... [et al.] -- Escherichia coli O157:H7 in reservoir hosts / Thomas E. Besser, Margaret A. Davis, and Seth T. Walk.</subfield>
  </datafield>
  <datafield tag="533" ind1=" " ind2=" ">
    <subfield code="a">Electronic reproduction.</subfield>
    <subfield code="b">Palo Alto, Calif. :</subfield>
    <subfield code="c">ebrary,</subfield>
    <subfield code="d">2011.</subfield>
    <subfield code="n">Available via World Wide Web.</subfield>
    <subfield code="n">Access may be limited to ebrary affiliated libraries.</subfield>
  </datafield>
  <datafield tag="650" ind1=" " ind2="0">
    <subfield code="a">Bacterial genetics.</subfield>
  </datafield>
  <datafield tag="650" ind1=" " ind2="0">
    <subfield code="a">Escherichia coli.</subfield>
  </datafield>
  <datafield tag="650" ind1=" " ind2="0">
    <subfield code="a">Population genetics.</subfield>
  </datafield>
  <datafield tag="655" ind1=" " ind2="7">
    <subfield code="a">Electronic books.</subfield>
    <subfield code="2">local</subfield>
  </datafield>
  <datafield tag="700" ind1="1" ind2=" ">
    <subfield code="a">Walk, Seth T.</subfield>
  </datafield>
  <datafield tag="700" ind1="1" ind2=" ">
    <subfield code="a">Feng, Peter C. H.</subfield>
  </datafield>
  <datafield tag="700" ind1="1" ind2=" ">
    <subfield code="a">Whittam, Thomas S.</subfield>
  </datafield>
  <datafield tag="710" ind1="2" ind2=" ">
    <subfield code="a">American Society for Microbiology.</subfield>
  </datafield>
  <datafield tag="710" ind1="2" ind2=" ">
    <subfield code="a">ebrary, Inc.</subfield>
  </datafield>
  <datafield tag="856" ind1="4" ind2="0">
    <subfield code="u">http://site.ebrary.com/lib/rucke/Doc?id=10509332</subfield>
    <subfield code="z">An electronic book accessible through the World Wide Web; click to view</subfield>
  </datafield>
  <datafield tag="999" ind1=" " ind2=" ">
    <subfield code="c">217169</subfield>
    <subfield code="d">217169</subfield>
  </datafield>
</record>
